| 000 | 00732nam a2200253Ia 4500 | ||
|---|---|---|---|
| 001 | 9762 | ||
| 003 | GE_BSU | ||
| 008 | 181216s||||||||xx |||||||||||||| ||und|| | ||
| 020 | _a9992843950 | ||
| 040 | _cGE_BSU | ||
| 080 | _a821.353.1–1 | ||
| 100 | _aთებიძე,რეზო | ||
| 245 | _aშავი პაპირუსი | ||
| 245 | _bლექსები | ||
| 245 | _cრედ.ჟუჟუნა ხაჯიშვილი | ||
| 260 | _aბათუმი | ||
| 260 | _bალიონი | ||
| 260 | _c2005 | ||
| 300 | _a176გვ.20სმ.ფოტო პორტრ. | ||
| 541 | _h3ლ.60თ. | ||
| 653 | _aლექსები | ||
| 653 | _aშავი პაპირუსი | ||
| 942 | _cBK | ||
| 999 |
_c43042 _d43042 |
||